000 00443cam a2200169ua 4500
020 _a0 07 072197 1
041 _aeng
_h
082 _a515.35
_bWYL/DI
100 _aWylie, Clarence Raymond .
245 _aDifferential equations /
_cClarence Raymond Wylie.
_hTextual Documents
250 _a1 /
_b.
260 _aNew York :
_bMcGraw Hill Book Company ,
_c1979.
300 _a593 ; .
504 _a
942 _cBK
999 _c9242
_d9242